| 000 | 00498nam a22001817a 4500 | ||
|---|---|---|---|
| 008 | 150520b xxu||||| |||| 00| 0 eng d | ||
| 020 | _a0321434250 | ||
| 041 | 0 | _aeng | |
| 080 | _a31 | ||
| 100 | 1 | _aTriola, Mario F. | |
| 245 | 1 | 0 |
_aEssentials of statistics / _cMario F. Triola. |
| 250 | _aBotimi tretë | ||
| 260 |
_aBoston : _bPearson Addison Wesley, _cc2008. |
||
| 300 |
_a689 f _bme il _c26 cm. + _e1 CD-ROM (4 3/4 in.) |
||
| 505 | _aIndex:f. 674-689 | ||
| 650 | 0 | _aStatistikat | |
| 942 |
_2udc _cBK |
||
| 999 |
_c841 _d841 |
||